Statystyki dla Najbardziej chrześcijańskie państwa afrykańskie

Kliknij tutaj aby rozwiązać quiz!

Ogólne statystyki

  • Ten quiz został rozwiązany 17 484 razy
    (8 516 od ostatniego zresetowania)
  • Średni wynik to 7 z 10

Statystyki odpowiedzi

#Kraj%% Poprawnych
47,7 mlnPołudniowa Afryka79,8
94%
103 mlnNigeria49
84%
84,0 mlnD. R. Konga92
81%
87,5 mlnEtiopia75
73%
46,4 mlnKenia85,1
70%
37,3 mlnTanzania61,4
59%
25,1 mlnAngola75
57%
23,9 mlnMadagaskar85
48%
22,4 mlnGhana71,2
45%
41,3 mlnUganda88,6
45%

Rozkład punktacji

Percentyl według liczby udzielonych odpowiedzi

Procent ludzi z każdym wynikiem

Twoja historia wyników

Nie rozwiązałeś tego quizu od ostatniego zresetowania